| 000 | 00749nam a2200253Ia 4500 | ||
|---|---|---|---|
| 003 | OSt | ||
| 005 | 20220926012330.0 | ||
| 006 | a|||||r|||| 00| 0 | ||
| 007 | ta | ||
| 008 | 220923b |||||||| |||| 00| 0 eng d | ||
| 020 | _a052139452X | ||
| 037 | _cGeneral Book | ||
| 040 |
_aRTL _cRTL _beng |
||
| 041 |
_2eng _aeng |
||
| 082 | _aU672(JB):(G:55).71.N9, N4 | ||
| 100 |
_aWhitney Gordon G _9316198 |
||
| 245 | 0 | _aFrom coastal wilderness to fruited plain | |
| 260 |
_aNew York _bCambridge University Press U S A _c1994 |
||
| 300 |
_axxxiv,451p. _ccm. |
||
| 500 | _aBib p. 338-443 | ||
| 650 | _aAgricultural Geography | ||
| 942 |
_hU672(JB):(G:55).71.N9, N4 _cGB _2CC |
||
| 999 |
_c622558 _d622558 |
||